No separate refuge (Record no. 39754)

MARC details
000 -LEADER
campo de control de longitud fija 01443aam a2200409 i 4500
001 - NÚMERO DE CONTROL
campo de control MOR01000039777
005 - FECHA Y HORA DE LA ÚLTIMA TRANSACCIÓN
campo de control 20260331112619.0
007 - CAMPO FIJO DE DESCRIPCIÓN FÍSICA--INFORMACIÓN GENERAL
campo de control de longitud fija ta
008 - DATOS DE LONGITUD FIJA--INFORMACIÓN GENERAL
campo de control de longitud fija 911024s1987 nyub g bi 001 0 eng d
020 ## - NÚMERO INTERNACIONAL ESTÁNDAR DEL LIBRO
Número Internacional Estándar del Libro 0-19-504421-5
035 ## - NÚMERO DE CONTROL DEL SISTEMA
Número de control de sistema 913442
040 ## - FUENTE DE CATALOGACIÓN
Centro catalogador/agencia de origen mxcmmo
Lengua de catalogación spa
Normas de descripción rda
Centro/agencia transcriptor mxcmmo
041 0# - CÓDIGO DE IDIOMA
Código de lengua del texto/banda sonora o título independiente eng
043 ## - CÓDIGO DE ÁREA GEOGRÁFICA
Código de área geográfica n-us-co
-- n-us-nm
082 ## - NÚMERO DE LA CLASIFICACIÓN DECIMAL DEWEY
Número de clasificación 978.8
Número de ítem DEU.n
100 1# - ENTRADA PRINCIPAL--NOMBRE DE PERSONA
Nombre de persona Deutsch, Sarah
Término indicativo de función/relación autor
9 (RLIN) 73797
245 10 - MENCIÓN DEL TÍTULO
Título No separate refuge
Resto del título : culture, class, and gender on an Anglo-Hispanic frontier in the American Southwest, 1880-1940/
Mención de responsabilidad, etc. Sarah Deutsch
264 #1 - PRODUCCIÓN, PUBLICACIÓN, DISTRIBUCIÓN, FABRICACIÓN Y COPYRIGHT
Producción, publicación, distribución, fabricación y copyright New York :
Nombre del de productor, editor, distribuidor, fabricante Oxford University,
Fecha de producción, publicación, distribución, fabricación o copyright 1987.
300 ## - DESCRIPCIÓN FÍSICA
Extensión 356 páginas:
Otras características físicas mapa;
Dimensiones 22 cm
336 ## - TIPO DE CONTENIDO
Término de tipo de contenido texto
Código de tipo de contenido txt
Fuente rdacontent
337 ## - TIPO DE MEDIO
Nombre/término del tipo de medio sin medio
Código del tipo de medio n
Fuente rdamedia
338 ## - TIPO DE SOPORTE
Nombre/término del tipo de soporte volumen
Código del tipo de soporte nc
Fuente rdacarrier
500 ## - NOTA GENERAL
Nota general Incluye índice
504 ## - NOTA DE BIBLIOGRAFÍA, ETC.
Nota de bibliografía, etc. Nota Bibliografía: páginas 307-344
650 #7 - PUNTO DE ACCESO ADICIONAL DE MATERIA--TÉRMINO DE MATERIA
Término de materia o nombre geográfico como elemento de entrada Mexiconorteamericanos
Subdivisión geográfica Estados Unidos
-- Colorado
Subdivisión general Condiciones sociales
9 (RLIN) 73798
650 #7 - PUNTO DE ACCESO ADICIONAL DE MATERIA--TÉRMINO DE MATERIA
Término de materia o nombre geográfico como elemento de entrada Mexiconorteamericanos
Subdivisión geográfica Estados Unidos
-- Nuevo México
Subdivisión general Condiciones sociales
9 (RLIN) 73799
710 2# - ENTRADA AGREGADA--NOMBRE DE ENTIDAD CORPORATIVA
Nombre de entidad corporativa o nombre de jurisdicción como elemento de entrada Oxford University
9 (RLIN) 712
900 ## - ELEMENTOS DE DATOS A LOCAL, LDA (RLIN)
Nombre de persona ALEPH14
Numeración 10
Títulos y otros términos asociados al nombre 20061103
Lenguaje de la obra MOR01
-- 1046
900 ## - ELEMENTOS DE DATOS A LOCAL, LDA (RLIN)
Nombre de persona BATCH-UPD
Numeración 00
Títulos y otros términos asociados al nombre 20120323
Lenguaje de la obra MOR01
-- 1738
900 ## - ELEMENTOS DE DATOS A LOCAL, LDA (RLIN)
Nombre de persona BATCH-UPD
Numeración 10
Títulos y otros términos asociados al nombre 20120321
Lenguaje de la obra MOR01
-- 1657
900 ## - ELEMENTOS DE DATOS A LOCAL, LDA (RLIN)
Nombre de persona BATCH
Numeración 00
Títulos y otros términos asociados al nombre 20120322
Lenguaje de la obra MOR01
-- 1720
900 ## - ELEMENTOS DE DATOS A LOCAL, LDA (RLIN)
Nombre de persona DYNIX
Numeración 00
Títulos y otros términos asociados al nombre 20030304
Lenguaje de la obra MOR01
-- 1719
900 ## - ELEMENTOS DE DATOS A LOCAL, LDA (RLIN)
Nombre de persona MARC21
Numeración 40
Títulos y otros términos asociados al nombre 20140320
Lenguaje de la obra MOR01
-- 1335
904 ## - ELEMENTOS DE DATOS D LOCAL, LDD (RLIN)
a UPDATE
942 ## - ELEMENTOS DE ENTRADA SECUNDARIOS (KOHA)
Código de la institución [OBSOLETO] BK
901 ## - ELEMENTOS DE DATOS A LOCAL LDA (RLIN)
a batch batch
Holdings
Estatus retirado Estado de pérdida Fuente del sistema de clasificación o colocación Estado de daño No para préstamo Colección Biblioteca de origen Biblioteca actual Ubicación en estantería Fecha de adquisición Número de inventario Total de préstamos Signatura topográfica completa Código de barras Visto por última vez Precio de reemplazo Tipo de ítem Koha
    Clasificación Decimal Dewey     Libros (General) Biblioteca Instituto Mora Biblioteca Instituto Mora Regular 21/06/1994 063855   (G)/978.8 DEU.n 33291000289666 03/09/2024 03/09/2024 Libro préstamo regular